000 01369nam a2200349Ia 4500
001 6107
003 DO-SdBNP
005 20220609104022.0
008 140604s1997 xx 000 0spa d
020 _a082703704X
040 _aBPMSU
_bspa
_cBPMSU
082 _a928.61
_bH519C 1997
_222
100 1 _aCarilla, Emilio
245 _aPedro Henríquez Ureña :
_bsigno de América /
_cEmilio Carilla
260 _aWanhington :
_bSecretaría Ejecutiva para el Desarrollo Integral,
_c1997.
300 _a186 p ;
_c23 cm.
490 0 _aInteramer;
_aCultural
_v62
500 _aPrimer premio del Concurso-Homenaje sobre la Obra del Humanista Pedro Henriquez Ureña.
590 _6Inventariado, 2022/VM
600 1 4 _aHenríquez Ureña, Pedro,
_d1884-1946
_xHomenajes.
600 1 4 _aHenríquez Ureña, Pedro
_d1884-1946
_xCrítica e interpretación
600 1 4 _aHenríquez Ureña, Pedro,
_d1884-1946
_xCorrespondencia, memorias, etc..
650 4 _aAutores dominicanos
_vBiografías
_ySiglo XX
_b
650 4 _aAutores dominicanos
_xCrítica e interpretación.
710 2 _aOrganización de los Estados Americanos
710 2 _aUniversidad Nacional Pedro Henríquez Ureña (Reública Dominicana)
852 _t
856 _3Archivo Digital Biblioteca Nacional
856 _ubiblio.bnphu.gob.do/Archivos_Digitales/PDF
910 _aVMateo V.
942 _2ddc
_cBK
_m
999 _c12572
_d12572